000 00474nam a2200193Ia 4500
008 170918s9999 xx 000 0 und d
020 _a9780439576864
050 _bG618 2007
100 _aGoldberg, Myla
245 _aCatching the moon /
245 _cMyla Goldberg ; pictures by Chris Sheban.
260 _aNew York :
260 _bScholastic,
260 _c2007
300 _aunpaged :
300 _bcolored illustration ;
300 _c26cm.
500 _a960
999 _c342436
_d342436